Sports Quiz

Random Sports or Football Quiz

NFL Most TDs by a Rookie Quiz Stats

 Plays Quiz Updated Jan 5, 2019

Challenge
Share
Tweet
Embed
Score 0/59 Timer 09:00
22 Plays Today
Category Player % Correct
Passing TDs (Year)Peyton Manning
89.5%
Passing TDs (Year)Andrew Luck
80.5%
Passing TDs (Year)Baker Mayfield
78.7%
Passing TDs (Year)Cam Newton
73.2%
Rushing TDs (Year)Cam Newton
73.2%
Passing TDs (Year)Russell Wilson
70.7%
Passing TDs (Year)Robert Griffin III
70.1%
Passing TDs (Year)Dan Marino
67.9%
Receiving TDs (Year)Randy Moss
64.5%
Passing TDs (Year)Jameis Winston
50.8%
Rushing TDs (Year)Barry Sanders
46.4%
Passing TDs (Year)Dak Prescott
46.3%
Receiving TDs (Year)Chris Sanders
45.9%
Passing TDs (Year)Marcus Mariota
42.7%
Rushing TDs (Year)Adrian Peterson
42.6%
Rushing TDs (Year)Eric Dickerson
40.7%
Rushing TDs (Year)Ezekiel Elliott
39.4%
Receiving TDs (Year)Mike Williams
37.9%
Receiving TDs (Year)Calvin Williams
37.9%
Passing TDs (Year)Ben Roethlisberger
37.4%
Passing TDs (Year)Andy Dalton
37.3%
Passing TDs (Year)Jim Kelly
36%
Passing TDs (Year)Sam Darnold
35.9%
Passing TDs (Year)Derek Carr
35.2%
Receiving TDs (Year)Odell Beckham
33.6%
Passing TDs (Year)Sam Bradford
33.4%
Passing TDs (Year)Deshaun Watson
33.4%
Rushing TDs (Year)Curtis Martin
31%
Rushing TDs (Year)Edgerrin James
26.8%
Receiving TDs (Year)Michael Thomas
25.6%
Category Player % Correct
Rushing TDs (Year)Earl Campbell
23.9%
Receiving TDs (Year)Mike Evans
23.2%
Receiving TDs (Year)Sammy White
22.9%
Rushing TDs (Year)Mike Anderson
22.5%
Rushing TDs (Year)Curt Warner
21.3%
Rushing TDs (Year)Tony Dorsett
19.6%
Rushing TDs (Year)Alfred Morris
19%
Rushing TDs (Year)Clinton Portis
18.7%
Rushing TDs (Year)Fred Taylor
18.3%
Rushing TDs (Year)Herschel Walker
17.3%
Receiving TDs (Year)Rob Gronkowski
15.9%
Rushing TDs (Year)Maurice Jones-Drew
14.7%
Receiving TDs (Year)Calvin Ridley
14%
Rushing TDs (Year)Willis McGahee
13.3%
Rushing TDs (Year)George Rogers
11.1%
Passing TDs (Year)Jim Plunkett
9.4%
Receiving TDs (Year)Kelvin Benjamin
9.2%
Rushing TDs (Year)Billy Sims
8.6%
Receiving TDs (Year)Lee Evans
8.5%
Receiving TDs (Year)Daryl Turner
7.1%
Receiving TDs (Year)Junior Miller
6.3%
Rushing TDs (Year)Ickey Woods
5.1%
Passing TDs (Year)Mike Glennon
4.2%
Receiving TDs (Year)John Jefferson
4%
Passing TDs (Year)Mark Rypien
3.4%
Receiving TDs (Year)Louis Lipps
1.1%
Receiving TDs (Year)Isaac Curtis
1%
Receiving TDs (Year)Eddie Kennison
0.7%
Receiving TDs (Year)Randy Vataha
0.8%

You're not logged in!

Compare scores with friends on all Sporcle quizzes.
OR
Log In

You Might Also Like...

Show Comments

Extras

Top Quizzes Today


Score Distribution

Your Account Isn't Verified!

In order to create a playlist on Sporcle, you need to verify the email address you used during registration. Go to your Sporcle Settings to finish the process.

Report this User

Report this user for behavior that violates our Community Guidelines.

Details: